Statistiques concernant Les cantons suisse

Cliquez ici pour prendre le quiz!

Statistiques générales

  • Ce quiz a été pris 21 fois
  • Le résultat moyen est 11 sur 26

Statistiques - réponses

Canton % Correct
6Zürich
94%
1Genève
76%
5Berne
76%
2Vaud
76%
20Tessin
71%
9Uri
65%
21Grison
65%
4Valais
65%
23Neuchatel
59%
3Fribourg
53%
7Bâle-ville
53%
25Jura
47%
17Lucerne
41%
13Saint-gall
35%
18Argovie
35%
11Obwald
24%
12Nidwald
24%
22Soleure
18%
26Glaris
18%
19Thurgovie
18%
16Zoug
18%
10Schwitz
18%
24Schaffouse
6%
15Appenzel Rhode extérieure
0%
8Bâle-cambagne
0%
14Appenzel Rhode interieure
0%

Distribution des résultats

Percentile by Number Answered

% des personnes avec chaque résultat

Votre développement - résultats

Vous n’avez pas pris ce quiz